Quizzes
Events
Quiz Creation
Community
Videos
Private Events
Remove Ads
Sign In
Join for FREE
Feedback
Dark Mode
Quiz Categories
Sports
Geography
Music
Movies
Television
Just For Fun
Miscellaneous
History
Literature
Language
Science
Gaming
Entertainment
Religion
Holiday
For Kids
Quiz Lab
Recent
Popular Today
Quiz Kudos Today
Editor Picks
Curator Picks
Quizzes by...
Day
Popularity
Type
Ratings
Length
Year
Community
Subscriptions
Recent Discussions
Orange Saloon
Badges
Playlists
Quests
Create
Leaderboards
Showdown
Live 5
Trivia Bingo
Activity
Puzzle Library
Sporcle Events
Private Events
Virtual Trivia
Globe League
Become a Host
Pub Owners
SporcleCon
Opinionation
Our Games
Videos
Blog
Mobile Apps
Partnerships
Remove Ads and Go Orange
Feedback
Gaming
Video Games
Board Games
Card Games
Pokémon
Mario
Nintendo
Minecraft
Console
Toys
Legend of Zelda
Gaming
Video Games
Board Games
Card Games
Pokémon
Mario
Nintendo
Minecraft
Console
Toys
Legend of Zelda
Random Quiz
Search Sporcle
×
Quiz Lab
Quiz Lab
Gaming
Nintendo
Type in answers that appear in a list
Type in answers that appear in a list
Classic
Best Score? Go Orange.
Real Life Smash Brothers Stats
Can you name the people who share a name with a playable Super Smash Brothers character?
By
GeoExpert
5m
23 Questions
83 Plays
83 Plays
83 Plays
Comments
Comments
Give Quiz Kudos
Give Quiz Kudos
-
- Ratings
hide this ad
Random Order
Randomize order of answers
Randomize order of answers
Replay
Link that replays current quiz
Next Quiz
Link to next quiz in quiz playlist
You Got
0%
They Got
Avg Score
31%
Avg Friend Score
Upgrade to see
Score Distribution
Jump to the score distribution portion of the page
Score
0/23
Timer
05:00
0
Plays Today
Description
Person
% Correct
Comedic actor and award-
winning actor for 'Good Will Hunting,' also the Genie in 'Aladdin'
Robin Williams
67.5%
Actor who played Marty McFly in 'Back to the Future.' Was diagnosed with Parkinson's Disease in 1991
Michael J. Fox
60.2%
Actress and model who was Shia LeBouf's love interest in 'Transformers'
Megan Fox
56.6%
American film director made famous by his Star Wars and Indiana Jones franchises
George Lucas
53%
American-
Canadian songwriter and actor known for the hit single 'Blurred Lines'
Robin Thicke
44.6%
Musician known as 'The Big O.' His famous songs include 'Only the Lonely' and 'Oh, Pretty Woman'
Roy Orbison
42.2%
American writer of the 1920's, wife of the author of 'The Great Gatsby'
Zelda Fitzgerald
38.6%
Comic book artist who worked with Joe Simon and Stan Lee to create characters such as Captain America and the X-
Men
Jack Kirby
37.3%
Journalist and CNN personality known for The Situation Room
Wolf Blitzer
33.7%
Minnesota Twins outfielder known for his heroics in the 1991 World Series
Kirby Puckett
31.3%
First overall pick in the 2006 NFL Draft
Mario Williams
28.9%
Served as New York governer from 1983-
1994
Mario Cuomo
27.7%
Description
Person
% Correct
MLB pitcher and two-
time Cy Young Award winner with the Blue Jays and Phillies
Roy Halladay
27.7%
One of the greatest hockey players of all time, won the Stanley Cup as a player and an owner
Mario Lemieux
26.5%
Ice hockey goalie who played for the Canadiens and Avalanche, as well the current head coach for the Avalanche
Patrick Roy
26.5%
Winner of the 1969 Indianapolis 500 and 1967 Daytona 500
Mario Andretti
24.1%
Former first baseman for the New York Mets who currently plays for the Pittsburgh Pirates
Ike Davis
21.7%
Italian-
style chef who has starred on television programs 'Bitter Feast' and 'Iron Chef: America'
Mario Batali
16.9%
Italian physicist and professor known for his contributions to bioelectricity. Is the namesake for a type of battery
Luigi Galvani
14.5%
Former soccer player/
football and current manager of the English national team
Roy Hodgson
14.5%
Name of a former MLB baseball pitcher, as well as a female newscaster
Robin Roberts
13.3%
From 1910-
1911, served as Italy's first Jewish Prime Minister
Luigi Luzzatti
10.8%
Goalkeeper and former captain for Japan's national football team
Yoshi Kawaguchi
8.4%
Quiz Playlist
Details
Report
Send in Message
Add To Playlist
Classic:
Type in answers that appear in a list
Random Order:
Randomize order of answers
Last Updated: Feb 16, 2017
Quiz Scoreboard
CHALLENGE
Sign Up to Join the Scoreboard
Show All
Scores
Hide
Comments
May contain spoilers
Recently Published
College Basketball Coaching Resumes
by pancakes188
Sports
9m
Billboard Blitz: Fleetwood Mac
by CooCooCachoo
Music
15s
Presidents Visiting Landmarks
by Hejman
History
7m
More to Explore
Quiz From the Vault
Featured Blog Post
Where Did the Easter Bunny Come From?
hide this ad
You Might Also Like...
Tags
Nintendo Quiz
Brawl
Famous People
Important People
melee
Nintendo Games
Real Names
smash
Super Smash Bros
Super Smash Bros Brawl
Today's Top Quizzes in Gaming
Browse Gaming
hide this ad
Today's Top Quizzes in Nintendo
Browse Nintendo
Top Contributed Quizzes in Gaming
1
5-to-1: Consoles
2
7-to-1: Board Game Piece Blitz
3
5-to-1: Legend of Zelda
4
League of Legends Pro Players by Career/Team History
5
Destiny 2 exotic weapons by perk icons
6
Ultimate Genshin Impact Logic Puzzle (up to 4.3)
7
Franchise by Action Figure
8
Who's on the WWE 2K24 Cover?
9
Genshin Impact Logic Puzzle Quiz
10
Overwatch Logic Puzzle
Explore More
Trending Topics
Kpop
Disney
NBA
Crossword
Anime
Marvel
Harry Potter
Soccer
Country
NFL
WWE
Puzzle
Pokémon
The Office
Song
hide this ad
More By:
GeoExpert
Quiz
Plays
Rating
Category
Featured
Created
Seven Ways to Reach First Base
1,086,441
4.16
Sports
Sep 9, 2009
Most Visited Cities
390,037
4.23
Geography
Sep 1, 2009
Top 20 Cities of Germany on a Map
324,540
4.70
Geography
Sep 6, 2009
Cities and Countries
311,422
4.28
Geography
May 29, 2009
Top 20 Cities of Spain on a Map
255,176
4.52
Geography
Aug 18, 2009
Go to Creator's Profile
Score Distribution
Quiz Creator Spotlight
GeoExpert
Follow
Send a Message
Quizzes Created
-
Created Quiz Play Count
-
More By This Creator
Popular Quizzes Today
1
Find the US States - No Outlines Minefield
2
Find the Countries of Europe - No Outlines Minefield
3
The Countries of the World
4
Find the US States
5
Risky Map Clicking: Biggest States A-Z
6
US States
7
Popular People in 1961
8
Movies - When Are They Set?
More Gaming Quizzes
5% Game Logos
Editor's Pick
Trending Quizzes
Risky Map Clicking: Least Populous States A-Z
1-10 Letter G Words
1-10 Letter F Words
Risky Map Clicking: Next State Alphabetically
Adjectives in 80s TV Shows
Recently Updated
Leaping Animals
pecheneg
Reality TV Shows (A-Z)
bhenderson79
Rickey Henderson's Hall of Fame Teammates
pecheneg
Champions League XIs: Arsenal
pecheneg
Quick Pick: Celebrities in WWE's Hall of Fame
aduchscher
A-Z Keypad Blitz II
pecheneg
Multiple Oscar Actors
pecheneg
Mystery Phrase Blitz: Oscar 'Best Actors'
pecheneg
F. Scott Fitzgerald Novels
LTH
Pick 3 Villains
ddd62291
Trending Topics
Crossword
NBA
Kpop
Harry Potter
Marvel
Anime
Disney
Puzzle
NFL
The Office
Soccer
Country
WWE
Pokémon
Song
Your Account Isn't Verified!
In order to create a playlist on Sporcle, you need to verify the email address you used during registration. Go to your
Sporcle Settings
to finish the process.
Report this User
Report this user for behavior that violates our
Community Guidelines
.
Details:
Send Report
Go to the Sporcle.com Mobile Site →
Comments